| 000 | 00437nam a22001697a 4500 | ||
|---|---|---|---|
| 020 | _a9780070260641 | ||
| 082 | _a621.47 SUK | ||
| 100 | _aSukhatme, S.P. | ||
| 245 | _aSolar energy: principles of thermal collection and storage | ||
| 250 | _a3rd ed. | ||
| 260 |
_aNew Delhi, India _bMcGraw Hill _c2008 |
||
| 300 |
_axx, 431 p. _bill. ; |
||
| 500 | _aIncludes index. | ||
| 650 | _aSolar energy. | ||
| 700 | _aNayak, J.K. | ||
| 942 | _cBK | ||
| 999 |
_c12529 _d12529 |
||